| 000 | 00573nam a22001697a 4500 | ||
|---|---|---|---|
| 020 | _qHard Cover. | ||
| 082 | _a621.3 | ||
| 100 | _aAli, Wasif ; Hassan Tahir Sehgal ; Dilllshad | ||
| 245 | _aUNDERWORLD (An Organizational Approach) | ||
| 260 |
_aIslamabad : _bSEECS - NUST, _c621.3 |
||
| 300 |
_aVar. p. : ill. ; _c30cm. |
||
| 650 |
_aElectrical Engineering-Project Report. _930780 |
||
| 700 |
_aMr. Muhammad Yousaf. _931155 |
||
| 856 | _uhttp://10.250.8.41:8080/xmlui/handle/123456789/29667 | ||
| 942 |
_2ddc _cPR |
||
| 999 |
_c536194 _d536194 |
||